00254nam a2200109Ia 4500008004100000100001200041245003700053260002300090300000900113942000700122999001500129190216s9999||||xx |||||||||||||| ||und|| aBahl Jc 0aEssentials Of Physical Chemistry bS Chand & Coc1976 a710p cBK c2633d2633